| 000 -LEADER |
| fixed length control field |
01474cam a22003734a 4500 |
| 001 - CONTROL NUMBER |
| control field |
13331283 |
| 003 - CONTROL NUMBER IDENTIFIER |
| control field |
OSt |
| 005 - DATE AND TIME OF LATEST TRANSACTION |
| control field |
20180116192415.0 |
| 008 - FIXED-LENGTH DATA ELEMENTS--GENERAL INFORMATION |
| fixed length control field |
030903s2004 enka b 001 0 eng |
| 010 ## - LIBRARY OF CONGRESS CONTROL NUMBER |
| LC control number |
2003055909 |
| 020 ## - INTERNATIONAL STANDARD BOOK NUMBER |
| International Standard Book Number |
0521823765 |
| 040 ## - CATALOGING SOURCE |
| Original cataloging agency |
DLC |
| Transcribing agency |
DLC |
| Modifying agency |
DLC |
| 042 ## - AUTHENTICATION CODE |
| Authentication code |
pcc |
| 050 00 - LIBRARY OF CONGRESS CALL NUMBER |
| Classification number |
BD620 |
| Item number |
.S68 2004 |
| 082 00 - DEWEY DECIMAL CLASSIFICATION NUMBER |
| Classification number |
114 |
| Edition number |
22 |
| 245 00 - TITLE STATEMENT |
| Title |
Space : |
| Remainder of title |
in science, art, and society / |
| Statement of responsibility, etc. |
edited by François Penz, Gregory Radick, and Robert Howell. |
| 260 ## - PUBLICATION, DISTRIBUTION, ETC. |
| Place of publication, distribution, etc. |
Cambridge, U.K. ; |
| -- |
New York : |
| Name of publisher, distributor, etc. |
Cambridge University Press, |
| Date of publication, distribution, etc. |
2004. |
| 300 ## - PHYSICAL DESCRIPTION |
| Extent |
v, 206 p. : |
| Other physical details |
ill. (some col.) ; |
| Dimensions |
26 cm. |
| 440 #4 - SERIES STATEMENT/ADDED ENTRY--TITLE |
| Title |
The Darwin college lectures |
| 9 (RLIN) |
6495 |
| 504 ## - BIBLIOGRAPHY, ETC. NOTE |
| Bibliography, etc. note |
Includes bibliographical references and index. |
| 650 #0 - SUBJECT ADDED ENTRY--TOPICAL TERM |
| Topical term or geographic name entry element |
Space and time. |
| 9 (RLIN) |
6496 |
| 650 #0 - SUBJECT ADDED ENTRY--TOPICAL TERM |
| Topical term or geographic name entry element |
Space and time |
| General subdivision |
Psychological aspects. |
| 9 (RLIN) |
6497 |
| 650 #0 - SUBJECT ADDED ENTRY--TOPICAL TERM |
| Topical term or geographic name entry element |
Space (Architecture) |
| 9 (RLIN) |
6498 |
| 650 #0 - SUBJECT ADDED ENTRY--TOPICAL TERM |
| Topical term or geographic name entry element |
Personal space. |
| 9 (RLIN) |
6499 |
| 700 1# - ADDED ENTRY--PERSONAL NAME |
| Personal name |
Penz, François. |
| 9 (RLIN) |
6492 |
| 700 1# - ADDED ENTRY--PERSONAL NAME |
| Personal name |
Radick, Gregory. |
| 9 (RLIN) |
6493 |
| 700 1# - ADDED ENTRY--PERSONAL NAME |
| Personal name |
Howell, Robert. |
| 9 (RLIN) |
6494 |
| 856 42 - ELECTRONIC LOCATION AND ACCESS |
| Materials specified |
Publisher description |
| Uniform Resource Identifier |
<a href="http://www.loc.gov/catdir/description/cam041/2003055909.html">http://www.loc.gov/catdir/description/cam041/2003055909.html</a> |
| 856 41 - ELECTRONIC LOCATION AND ACCESS |
| Materials specified |
Table of contents |
| Uniform Resource Identifier |
<a href="http://www.loc.gov/catdir/toc/cam041/2003055909.html">http://www.loc.gov/catdir/toc/cam041/2003055909.html</a> |
| 906 ## - LOCAL DATA ELEMENT F, LDF (RLIN) |
| a |
7 |
| b |
cbc |
| c |
orignew |
| d |
1 |
| e |
ocip |
| f |
20 |
| g |
y-gencatlg |
| 942 ## - ADDED ENTRY ELEMENTS (KOHA) |
| Source of classification or shelving scheme |
|
| Koha item type |
Book |